Up From Slavery = Arriba de la esclavitud /
Gorde:
| Egile nagusia: | |
|---|---|
| Formatua: | Ezezaguna |
| Hizkuntza: | English |
| Argitaratua: |
New York :
Penguin Books,
1986.
|
| Gaiak: | |
| Etiketak: |
Etiketa erantsi
Etiketarik gabe, Izan zaitez lehena erregistro honi etiketa jartzen!
|
MARC
| LEADER | 000000000a22000000004500 | ||
|---|---|---|---|
| 001 | 011844 | ||
| 020 | |a 0140390510 | ||
| 041 | 0 | |a eng | |
| 082 | 0 | 4 | |a 378.111 |b W317u |
| 100 | 1 | |a Washington, Booker T., |d 1856-1915 | |
| 245 | 1 | 0 | |a Up From Slavery = |b Arriba de la esclavitud / |c Booker T. Washington. |
| 246 | 3 | 1 | |a Arriba de la esclavitud |
| 260 | 1 | |a New York : |b Penguin Books, |c 1986. | |
| 300 | |a 330 páginas | ||
| 650 | 4 | |a AFROAMERICANOS | |
| 650 | 4 | |a BIOGRAFIA | |
| 650 | 4 | |a WASHINGTON, BOOKER T. 1856 - 1915 | |
| 650 | 4 | |a INSTITUTO TUSKEGEE | |
| 650 | 4 | |a EDUCADORES | |
| 650 | 4 | |a ESTADOS UNIDOS | |
| 500 | |a Colección George Yúdice | ||
| 999 | |c 17871 |d 17871 | ||
| 942 | |c BK |h 378.111 W317u |2 z | ||



